MARC

LEADER 00000nam0a2200000 4500
001 308655
005 20231102002120.0
035 |a (RuTPU)RU\TPU\book\333976 
090 |a 308655 
100 |a 20151105d1980 m y0rusy50 ca 
101 0 |a rus 
102 |a RU 
105 |a a z 000ay 
200 1 |a Пепельный свет Селены  |e научно-фантастические рассказы и повести  |f И. С. Дручин  |g под ред. Л. В. Глебовой 
210 |a Кемерово  |c Кемеровское кн. изд-во  |d 1980 
215 |a 272 с.  |c ил. 
606 1 |a Русская литература современная  |2 stltpush  |3 (RuTPU)RU\TPU\subj\26373  |9 50316 
610 1 |a художественная литература 
610 1 |a советская литература 
610 1 |a научная фантастика 
610 1 |a фантастические повести 
610 1 |a рассказы 
675 |a Р2  |v 4 
700 1 |a Дручин  |b И. С.  |g Игорь Сергеевич 
702 1 |a Глебова  |b Л. В.  |4 340 
801 1 |a RU  |b 63413507  |c 20151105 
801 2 |a RU  |b 63413507  |c 20210414  |g RCR 
942 |c BK